Three hundred outlines of sermons on the New Testament. (Record no. 4964)

000 -LEADER
fixed length control field 00589nam a2200181 a 4500
001 - CONTROL NUMBER
control field :::00002705$&:&@@
003 - CONTROL NUMBER IDENTIFIER
control field OkBaRHE
005 - DATE AND TIME OF LATEST TRANSACTION
control field 20000607103256.0
008 - FIXED-LENGTH DATA ELEMENTS--GENERAL INFORMATION
fixed length control field s1918 j 000 0 eng u
040 ## - CATALOGING SOURCE
Transcribing agency
245 10 - TITLE STATEMENT
Title Three hundred outlines of sermons on the New Testament.
260 ## - PUBLICATION, DISTRIBUTION, ETC. (IMPRINT)
Place of publication, distribution, etc Hartford, CT., :
Name of publisher, distributor, etc The S. S. Scranton Co.
Date of publication, distribution, etc 1918
300 ## - PHYSICAL DESCRIPTION
Extent 271 p. ;
Dimensions 21 cm.
650 ## - SUBJECT ADDED ENTRY--TOPICAL TERM
Topical term or geographic name as entry element Bible New Testament
General subdivision Sermons
-- Outlines
650 ## - SUBJECT ADDED ENTRY--TOPICAL TERM
Topical term or geographic name as entry element Sermons
General subdivision Outlines
942 ## - ADDED ENTRY ELEMENTS (KOHA)
Source of classification or shelving scheme
Koha item type Books
Copies
Barcode Date acquired Full call number Price effective from Damaged status Koha item type Shelving location Permanent Location Not for loan Copy number Source of classification or shelving scheme Withdrawn status Date last seen Lost status
27052010-04-14BS 2335 .T4672010-04-14 BooksGeneral StacksRHEMA Bible Training College 1  2018-03-16